Missing Word: Matt Dillon Quiz Stats

Quiz Updated Apr 9, 2016

Challenge
Share
Tweet
Embed
Score 0/14 Timer 02:00
0 Plays Today
Matt Dillon Movie Answer % Correct
There's Something About ____Mary
97.8%
___, Me and DupreeYou
93.4%
__ & OutIn
83.2%
____ ThingsWild
61.9%
______: Fully LoadedHerbie
60.7%
Drugstore ______Cowboy
55.8%
________ of the MonthEmployee
54.7%
Matt Dillon Movie Answer % Correct
Nothing But the _____Truth
50.3%
Rumble ____Fish
47.6%
A ____ Before DyingKiss
44.5%
The Flamingo ___Kid
44.4%
Beautiful _____Girls
20.5%
Old ____Dogs
17.4%
______ AlligatorAlbino
9.3%

Today's Daily Dose

You're not logged in!

Compare scores with friends on all Sporcle quizzes.
Sign Up with Email
OR
Log In

You Might Also Like...

Show Comments

Extras

Top Quizzes Today


Score Distribution

Your Account Isn't Verified!

In order to create a playlist on Sporcle, you need to verify the email address you used during registration. Go to your Sporcle Settings to finish the process.